000
00286nam a2200121 a 4500
008
030224s1972||||xx 0 und c
040
_a
SNK
_b
slo
_c
SNK
_e
AACR2
245
1
0
_a
Žena v zdraví a chorobe
260
_a
Martin
_b
Osveta
_c
1972
020
_c
43
041
_a
slo
044
_a
xo
_c
SK
999
_c
19689
_d
19689